[Event "World Cup 2017"]
[Site "Tbilisi"]
[Date "2017.09.11"]
[Round "20.7"]
[White "Li Chao b (CHN)"]
[Black "Rapport Richard (HUN)"]
[Result "1/2-1/2"]
[BlackElo "2675"]
[WhiteElo "2744"]
[LiveChessVersion "1.4.8"]

1. d4 {[%clk 0:25:18]} Nf6 {[%clk 0:25:18]} 2. c4 {[%clk 0:25:26]} e6
{[%clk 0:25:27]} 3. Nf3 {[%clk 0:25:30]} b6 {[%clk 0:25:34]} 4. a3
{[%clk 0:25:38]} Bb7 {[%clk 0:25:42]} 5. Nc3 {[%clk 0:25:44]} Ne4
{[%clk 0:25:51]} 6. Qc2 {[%clk 0:25:27]} Nxc3 {[%clk 0:25:11]} 7. Qxc3
{[%clk 0:25:35]} Be7 {[%clk 0:25:17]} 8. e3 {[%clk 0:24:57]} O-O {[%clk 0:25:19]}
9. Bd3 {[%clk 0:25:06]} c5 {[%clk 0:24:23]} 10. d5 {[%clk 0:24:54]} d6
{[%clk 0:23:07]} 11. e4 {[%clk 0:24:32]} Nd7 {[%clk 0:22:50]} 12. h4
{[%clk 0:23:54]} Bf6 {[%clk 0:22:01]} 13. Qc2 {[%clk 0:24:03]} Ne5
{[%clk 0:22:02]} 14. Ng5 {[%clk 0:23:39]} h6 {[%clk 0:21:14]} 15. f4
{[%clk 0:23:46]} Nxd3+ {[%clk 0:20:54]} 16. Qxd3 {[%clk 0:23:54]} e5
{[%clk 0:18:25]} 17. f5 {[%clk 0:20:12]} b5 {[%clk 0:18:33]} 18. Nf3
{[%clk 0:20:00]} bxc4 {[%clk 0:18:29]} 19. Qc2 {[%clk 0:19:44]} Qb6
{[%clk 0:16:41]} 20. g4 {[%clk 0:18:10]} Qb3 {[%clk 0:16:49]} 21. Qxb3
{[%clk 0:17:59]} cxb3 {[%clk 0:16:58]} 22. g5 {[%clk 0:18:08]} Bd8
{[%clk 0:16:55]} 23. gxh6 {[%clk 0:18:07]} g6 {[%clk 0:17:01]} 24. Rg1
{[%clk 0:13:04]} Kh8 {[%clk 0:16:35]} 25. Bg5 {[%clk 0:11:34]} gxf5
{[%clk 0:16:36]} 26. Bxd8 {[%clk 0:11:35]} Raxd8 {[%clk 0:16:39]} 27. Rg7
{[%clk 0:11:40]} fxe4 {[%clk 0:15:37]} 28. Ng5 {[%clk 0:11:46]} Bxd5
{[%clk 0:15:45]} 29. O-O-O {[%clk 0:10:37]} f6 {[%clk 0:15:54]} 30. Nh7
{[%clk 0:05:45]} Rf7 {[%clk 0:15:42]} 31. Rdg1 {[%clk 0:05:06]} f5
{[%clk 0:12:42]} 32. Ng5 {[%clk 0:04:21]} Rfd7 {[%clk 0:12:24]} 33. Rg6
{[%clk 0:03:56]} e3 {[%clk 0:12:04]} 34. Rf6 {[%clk 0:03:17]} f4 35. h7
{[%clk 0:03:10]} c4 {[%clk 0:10:26]} 36. Rd1 {[%clk 0:02:56]} Kg7
{[%clk 0:10:25]} 1/2-1/2

[Event "World Cup 2017"]
[Site "Tbilisi"]
[Date "2017.09.11"]
[Round "20.8"]
[White "Jobava Baadur (GEO)"]
[Black "Nepomniachtchi Ian (RUS)"]
[Result "1-0"]
[BlackElo "2751"]
[WhiteElo "2687"]
[LiveChessVersion "1.4.8"]

1. e4 c5 {[%clk 0:25:19]} 2. Nf3 {[%clk 0:25:25]} d6 {[%clk 0:25:27]} 3. c3
{[%clk 0:25:34]} Nf6 {[%clk 0:25:24]} 4. Bd3 {[%clk 0:25:43]} g6 {[%clk 0:24:51]}
5. Bc2 {[%clk 0:25:47]} Bg7 {[%clk 0:24:26]} 6. d4 {[%clk 0:25:43]} cxd4
{[%clk 0:24:29]} 7. cxd4 {[%clk 0:25:52]} O-O {[%clk 0:24:20]} 8. O-O
{[%clk 0:25:51]} Bg4 {[%clk 0:24:08]} 9. Nbd2 {[%clk 0:25:49]} Nc6
{[%clk 0:23:30]} 10. h3 {[%clk 0:25:57]} Bd7 {[%clk 0:20:43]} 11. Re1
{[%clk 0:25:54]} Rc8 {[%clk 0:20:46]} 12. a3 {[%clk 0:24:57]} b5 {[%clk 0:20:06]}
13. Bd3 {[%clk 0:24:05]} Qb6 {[%clk 0:20:10]} 14. Nb3 {[%clk 0:24:08]} Na5
{[%clk 0:19:24]} 15. Nxa5 {[%clk 0:23:52]} Qxa5 {[%clk 0:19:33]} 16. Bd2
{[%clk 0:23:05]} Qb6 {[%clk 0:19:43]} 17. Bg5 {[%clk 0:23:08]} Rfe8
{[%clk 0:19:46]} 18. Qd2 {[%clk 0:23:12]} a5 {[%clk 0:19:39]} 19. Bh6
{[%clk 0:23:02]} b4 {[%clk 0:18:28]} 20. axb4 {[%clk 0:23:08]} axb4
{[%clk 0:18:18]} 21. e5 {[%clk 0:22:18]} Nd5 {[%clk 0:18:00]} 22. Be4
{[%clk 0:22:08]} e6 {[%clk 0:17:03]} 23. Bxg7 {[%clk 0:20:36]} Kxg7
{[%clk 0:17:12]} 24. Nh2 {[%clk 0:19:19]} Ne7 {[%clk 0:13:13]} 25. Ng4
{[%clk 0:16:19]} Ng8 {[%clk 0:13:22]} 26. Re3 {[%clk 0:10:04]} dxe5
{[%clk 0:08:31]} 27. dxe5 {[%clk 0:10:05]} Bc6 {[%clk 0:08:26]} 28. Bxc6
{[%clk 0:09:44]} Rxc6 {[%clk 0:06:54]} 29. Rf3 {[%clk 0:09:53]} Rd8
{[%clk 0:07:02]} 30. Qf4 {[%clk 0:09:04]} Qc7 {[%clk 0:06:59]} 31. Nf6
{[%clk 0:08:09]} Rc4 {[%clk 0:06:44]} 32. Qe3 {[%clk 0:07:14]} Rcd4
{[%clk 0:06:06]} 33. Qxd4 {[%clk 0:06:19]} 1-0

[Event "World Cup 2017"]
[Site "Tbilisi"]
[Date "2017.09.11"]
[Round "21.1"]
[White "Aronian Levon (ARM)"]
[Black "Matlakov Maxim (RUS)"]
[Result "1-0"]
[BlackElo "2728"]
[WhiteElo "2799"]
[LiveChessVersion "1.4.8"]

1. Nf3 {[%clk 0:10:18]} d5 {[%clk 0:10:19]} 2. g3 {[%clk 0:10:27]} Bg4
{[%clk 0:10:26]} 3. Bg2 {[%clk 0:10:32]} c6 {[%clk 0:10:35]} 4. c4
{[%clk 0:10:30]} e6 {[%clk 0:10:43]} 5. O-O {[%clk 0:10:10]} Nf6 {[%clk 0:10:50]}
6. d3 {[%clk 0:10:14]} Bd6 {[%clk 0:10:56]} 7. Qb3 {[%clk 0:09:50]} Qb6
{[%clk 0:10:56]} 8. Be3 {[%clk 0:09:18]} Qxb3 {[%clk 0:11:02]} 9. axb3
{[%clk 0:09:26]} a6 {[%clk 0:10:56]} 10. h3 {[%clk 0:09:15]} Bxf3
{[%clk 0:10:35]} 11. Bxf3 {[%clk 0:09:23]} Nbd7 {[%clk 0:10:41]} 12. Rc1
{[%clk 0:09:11]} Ke7 {[%clk 0:10:22]} 13. Nc3 {[%clk 0:08:36]} Rhc8
{[%clk 0:09:31]} 14. d4 {[%clk 0:08:38]} Kf8 {[%clk 0:09:17]} 15. Bd2
{[%clk 0:08:45]} Be7 {[%clk 0:09:09]} 16. e3 {[%clk 0:08:41]} Nb6
{[%clk 0:09:12]} 17. Ne2 {[%clk 0:08:22]} Ne4 {[%clk 0:08:55]} 18. Be1
{[%clk 0:08:15]} f5 {[%clk 0:09:00]} 19. Nf4 {[%clk 0:08:18]} Kf7
{[%clk 0:09:08]} 20. Nd3 {[%clk 0:08:26]} Nd7 {[%clk 0:09:16]} 21. Be2
{[%clk 0:08:02]} Bd6 {[%clk 0:09:11]} 22. b4 {[%clk 0:07:26]} dxc4
{[%clk 0:08:07]} 23. Nc5 {[%clk 0:06:29]} Ndxc5 {[%clk 0:08:01]} 24. bxc5
{[%clk 0:06:36]} Bc7 {[%clk 0:07:38]} 25. Bxc4 {[%clk 0:06:36]} Ke7
{[%clk 0:07:31]} 26. Kg2 {[%clk 0:06:37]} Rd8 {[%clk 0:07:39]} 27. Ra4
{[%clk 0:04:05]} Rd7 {[%clk 0:07:01]} 28. f3 {[%clk 0:03:31]} Nf6
{[%clk 0:07:07]} 29. Bf2 {[%clk 0:03:40]} e5 {[%clk 0:06:35]} 30. Rb4
{[%clk 0:03:33]} Rb8 {[%clk 0:06:25]} 31. g4 {[%clk 0:03:24]} exd4
{[%clk 0:05:41]} 32. exd4 {[%clk 0:03:04]} Nd5 {[%clk 0:05:43]} 33. Re1+
{[%clk 0:02:42]} Kf6 {[%clk 0:05:18]} 34. Bxd5 {[%clk 0:02:14]} Rxd5
{[%clk 0:05:23]} 35. Re2 {[%clk 0:01:56]} Rd7 {[%clk 0:02:44]} 36. b3
{[%clk 0:01:36]} h5 {[%clk 0:02:21]} 37. gxh5 {[%clk 0:01:15]} a5
{[%clk 0:02:29]} 38. Rc4 {[%clk 0:00:46]} Rh8 {[%clk 0:02:36]} 39. b4
{[%clk 0:00:24]} Rxh5 {[%clk 0:02:09]} 40. bxa5 {[%clk 0:00:29]} Bxa5
{[%clk 0:02:18]} 41. Ra2 {[%clk 0:00:36]} Bc7 {[%clk 0:01:28]} 42. Rb4
{[%clk 0:00:42]} Rg5+ {[%clk 0:01:35]} 43. Kf1 {[%clk 0:00:36]} Bg3
{[%clk 0:01:43]} 44. Ra7 {[%clk 0:00:29]} Bxf2 {[%clk 0:01:37]} 45. Kxf2
{[%clk 0:00:38]} f4 {[%clk 0:01:25]} 46. Raxb7 {[%clk 0:00:42]} Rxb7
{[%clk 0:01:34]} 47. Rxb7 {[%clk 0:00:51]} Rd5 {[%clk 0:01:39]} 48. Rb4
{[%clk 0:00:44]} Kg5 {[%clk 0:01:44]} 49. Ke2 {[%clk 0:00:41]} Kh4
{[%clk 0:01:46]} 50. Kd3 {[%clk 0:00:51]} Kg3 {[%clk 0:01:47]} 51. Rb6
{[%clk 0:00:57]} Kxf3 {[%clk 0:01:46]} 52. Rxc6 {[%clk 0:01:06]} g5
{[%clk 0:01:46]} 53. Rg6 {[%clk 0:00:54]} 1-0

[Event "World Cup 2017"]
[Site "Tbilisi"]
[Date "2017.09.11"]
[Round "21.2"]
[White "Navara David (CZE)"]
[Black "Grischuk Alexander (RUS)"]
[Result "1/2-1/2"]
[BlackElo "2783"]
[WhiteElo "2737"]
[LiveChessVersion "1.4.8"]

1. e4 {[%clk 0:10:18]} e5 {[%clk 0:10:17]} 2. Nf3 {[%clk 0:10:25]} Nc6
{[%clk 0:10:25]} 3. Bb5 {[%clk 0:10:32]} Nf6 {[%clk 0:10:33]} 4. O-O
{[%clk 0:10:39]} Nxe4 {[%clk 0:10:40]} 5. d4 {[%clk 0:10:47]} Nd6
{[%clk 0:10:48]} 6. Bxc6 {[%clk 0:10:55]} dxc6 {[%clk 0:10:57]} 7. dxe5
{[%clk 0:11:03]} Nf5 {[%clk 0:11:05]} 8. Qxd8+ {[%clk 0:11:10]} Kxd8
{[%clk 0:11:13]} 9. h3 {[%clk 0:11:18]} Be7 {[%clk 0:11:10]} 10. Nc3
{[%clk 0:09:49]} Nh4 {[%clk 0:11:12]} 11. Nxh4 {[%clk 0:07:17]} Bxh4
{[%clk 0:11:20]} 12. Be3 {[%clk 0:06:34]} Bd7 {[%clk 0:11:15]} 13. Rad1
{[%clk 0:06:28]} Kc8 {[%clk 0:11:24]} 14. g4 {[%clk 0:05:48]} Re8
{[%clk 0:07:22]} 15. f4 {[%clk 0:03:15]} h5 {[%clk 0:04:53]} 16. Rd4
{[%clk 0:03:23]} c5 {[%clk 0:04:09]} 17. Re4 {[%clk 0:02:34]} b6 {[%clk 0:03:53]}
18. Bf2 {[%clk 0:01:58]} f5 {[%clk 0:02:35]} 19. Re3 {[%clk 0:01:17]} Bxf2+
{[%clk 0:01:46]} 20. Rxf2 {[%clk 0:01:26]} hxg4 {[%clk 0:00:48]} 21. hxg4
{[%clk 0:01:33]} fxg4 {[%clk 0:00:54]} 22. f5 {[%clk 0:01:38]} Kb7
{[%clk 0:00:59]} 23. Rf4 {[%clk 0:00:59]} Rh8 {[%clk 0:00:16]} 24. e6
{[%clk 0:00:40]} Bc6 {[%clk 0:00:25]} 25. Rxg4 {[%clk 0:00:48]} Rh5
{[%clk 0:00:14]} 26. Rxg7 {[%clk 0:00:14]} Rxf5 {[%clk 0:00:18]} 27. Ne4
{[%clk 0:00:19]} Bxe4 {[%clk 0:00:18]} 28. Rxe4 {[%clk 0:00:27]} Re8
{[%clk 0:00:23]} 29. Kg2 {[%clk 0:00:27]} Kc6 {[%clk 0:00:19]} 30. c4
{[%clk 0:00:16]} Rf6 {[%clk 0:00:17]} 31. e7 {[%clk 0:00:24]} Kd7
{[%clk 0:00:24]} 32. Re2 {[%clk 0:00:28]} Re6 {[%clk 0:00:29]} 33. Rxe6
{[%clk 0:00:22]} Kxe6 {[%clk 0:00:38]} 34. Kf3 {[%clk 0:00:20]} Rxe7
{[%clk 0:00:46]} 35. Rxe7+ {[%clk 0:00:22]} Kxe7 {[%clk 0:00:54]} 36. Ke4
{[%clk 0:00:21]} Ke6 {[%clk 0:00:50]} 37. Kf4 {[%clk 0:00:29]} a6
{[%clk 0:00:28]} 38. a4 {[%clk 0:00:36]} a5 {[%clk 0:00:17]} 39. Ke4
{[%clk 0:00:42]} c6 {[%clk 0:00:23]} 40. Kf4 {[%clk 0:00:31]} Kf6
{[%clk 0:00:32]} 41. Ke4 {[%clk 0:00:40]} Ke6 {[%clk 0:00:41]} 42. Kf4
{[%clk 0:00:48]} Kf6 {[%clk 0:00:44]} 1/2-1/2

[Event "World Cup 2017"]
[Site "Tbilisi"]
[Date "2017.09.11"]
[Round "21.3"]
[White "Giri Anish (NED)"]
[Black "Sethuraman S.P. (IND)"]
[Result "1-0"]
[BlackElo "2618"]
[WhiteElo "2772"]
[LiveChessVersion "1.4.8"]

1. Nf3 {[%clk 0:10:19]} Nf6 {[%clk 0:10:19]} 2. g3 {[%clk 0:10:28]} d5
{[%clk 0:10:27]} 3. Bg2 {[%clk 0:10:37]} e6 {[%clk 0:10:36]} 4. O-O
{[%clk 0:10:45]} Be7 {[%clk 0:10:45]} 5. c4 {[%clk 0:10:53]} O-O {[%clk 0:10:52]}
6. d4 {[%clk 0:11:02]} dxc4 {[%clk 0:11:00]} 7. Qc2 {[%clk 0:11:12]} a6
{[%clk 0:11:09]} 8. a4 {[%clk 0:11:21]} c5 {[%clk 0:11:16]} 9. dxc5
{[%clk 0:11:10]} Bxc5 {[%clk 0:11:24]} 10. Bg5 {[%clk 0:10:42]} h6
{[%clk 0:10:56]} 11. Bxf6 {[%clk 0:10:50]} Qxf6 {[%clk 0:11:04]} 12. Nbd2
{[%clk 0:10:49]} Bd7 {[%clk 0:10:35]} 13. Ne4 {[%clk 0:10:45]} Qe7
{[%clk 0:10:43]} 14. Ne5 {[%clk 0:10:32]} Rc8 {[%clk 0:10:34]} 15. Nxc5
{[%clk 0:09:29]} Rxc5 {[%clk 0:10:38]} 16. Bxb7 {[%clk 0:09:36]} Ra7
{[%clk 0:10:45]} 17. Nxd7 {[%clk 0:09:35]} Nxd7 {[%clk 0:10:48]} 18. Bg2
{[%clk 0:09:44]} a5 {[%clk 0:10:52]} 19. Rfd1 {[%clk 0:09:46]} Rac7
{[%clk 0:10:57]} 20. Qc3 {[%clk 0:09:52]} Qf6 {[%clk 0:10:41]} 21. Rd6
{[%clk 0:09:52]} Qe5 {[%clk 0:10:24]} 22. Rad1 {[%clk 0:09:53]} Nf6
{[%clk 0:10:08]} 23. e4 {[%clk 0:09:35]} Qh5 {[%clk 0:09:03]} 24. h3
{[%clk 0:09:34]} Qg6 {[%clk 0:09:06]} 25. e5 {[%clk 0:09:22]} Ne4
{[%clk 0:07:16]} 26. Rd8+ {[%clk 0:08:40]} Kh7 {[%clk 0:07:25]} 27. Qe3
{[%clk 0:08:20]} f5 {[%clk 0:07:32]} 28. exf6 {[%clk 0:08:27]} Nxf6
{[%clk 0:07:38]} 29. Qxe6 {[%clk 0:08:31]} c3 {[%clk 0:06:38]} 30. bxc3
{[%clk 0:08:39]} Rxc3 {[%clk 0:06:47]} 31. R1d4 {[%clk 0:08:14]} h5
{[%clk 0:05:10]} 32. Be4 {[%clk 0:07:27]} Nxe4 {[%clk 0:05:18]} 33. Rh8+
{[%clk 0:07:32]} 1-0

[Event "World Cup 2017"]
[Site "Tbilisi"]
[Date "2017.09.11"]
[Round "22.2"]
[White "Grischuk Alexander (RUS)"]
[Black "Navara David (CZE)"]
[Result "1-0"]
[BlackElo "2737"]
[WhiteElo "2783"]
[LiveChessVersion "1.4.8"]

1. Nf3 {[%clk 0:10:17]} Nf6 {[%clk 0:10:19]} 2. g3 {[%clk 0:10:24]} c5
{[%clk 0:10:27]} 3. Bg2 {[%clk 0:10:28]} g6 {[%clk 0:10:35]} 4. c4
{[%clk 0:09:50]} Bg7 {[%clk 0:10:39]} 5. d4 {[%clk 0:09:26]} cxd4
{[%clk 0:10:47]} 6. Nxd4 {[%clk 0:09:35]} Nc6 {[%clk 0:10:46]} 7. Nc3
{[%clk 0:09:36]} O-O {[%clk 0:10:53]} 8. O-O {[%clk 0:09:43]} Qa5
{[%clk 0:11:01]} 9. Nb3 {[%clk 0:09:41]} Qh5 {[%clk 0:11:08]} 10. Nd5
{[%clk 0:09:48]} d6 {[%clk 0:10:29]} 11. Nf4 {[%clk 0:09:56]} Qe5
{[%clk 0:09:53]} 12. e4 {[%clk 0:10:04]} a5 {[%clk 0:09:44]} 13. a4
{[%clk 0:09:55]} Nb4 {[%clk 0:08:41]} 14. Re1 {[%clk 0:07:46]} Re8
{[%clk 0:08:04]} 15. Bd2 {[%clk 0:07:26]} Nh5 {[%clk 0:05:42]} 16. Bc3
{[%clk 0:05:47]} Qg5 {[%clk 0:05:51]} 17. h4 {[%clk 0:05:54]} Qh6
{[%clk 0:05:55]} 18. Bd2 {[%clk 0:06:03]} Bxb2 {[%clk 0:05:30]} 19. Ne6
{[%clk 0:05:18]} g5 {[%clk 0:05:39]} 20. Nc7 {[%clk 0:05:14]} Bxa1
{[%clk 0:05:27]} 21. Nxa1 {[%clk 0:05:18]} Bd7 {[%clk 0:05:26]} 22. e5
{[%clk 0:04:17]} Nd3 {[%clk 0:04:47]} 23. Bxg5 {[%clk 0:03:02]} Qg6
{[%clk 0:04:55]} 24. Be4 {[%clk 0:03:09]} Bf5 {[%clk 0:05:00]} 25. Bxd3
{[%clk 0:03:17]} Bxd3 {[%clk 0:05:08]} 26. exd6 {[%clk 0:03:17]} f6
{[%clk 0:05:03]} 27. d7 {[%clk 0:02:15]} Red8 {[%clk 0:05:09]} 28. Nxa8
{[%clk 0:02:13]} fxg5 {[%clk 0:05:09]} 29. Rxe7 {[%clk 0:02:03]} Rxa8
{[%clk 0:04:57]} 30. hxg5 {[%clk 0:01:56]} Rd8 {[%clk 0:04:16]} 31. Re8+
{[%clk 0:01:39]} Rxe8 {[%clk 0:04:24]} 32. dxe8=Q+ {[%clk 0:01:48]} Qxe8
{[%clk 0:04:32]} 33. Qxd3 {[%clk 0:01:56]} Qe1+ {[%clk 0:04:39]} 34. Qf1
{[%clk 0:01:58]} Qe5 {[%clk 0:04:35]} 35. Nc2 {[%clk 0:01:28]} Qxg5
{[%clk 0:04:38]} 36. Qd3 {[%clk 0:01:29]} Nf6 {[%clk 0:03:50]} 37. Qd8+
{[%clk 0:01:08]} Kf7 {[%clk 0:03:49]} 38. Qc7+ {[%clk 0:01:16]} Kg6
{[%clk 0:03:34]} 39. Ne3 {[%clk 0:01:25]} Ne4 {[%clk 0:03:42]} 40. Qxb7
{[%clk 0:00:57]} Qe5 {[%clk 0:03:26]} 41. Qc6+ {[%clk 0:01:00]} Kf7
{[%clk 0:03:16]} 42. Qd7+ {[%clk 0:01:09]} Qe7 {[%clk 0:03:18]} 43. Qd5+
{[%clk 0:01:07]} Qe6 {[%clk 0:03:07]} 44. Qxa5 {[%clk 0:01:14]} Nf6
{[%clk 0:02:53]} 45. Qf5 {[%clk 0:01:19]} 1-0

[Event "World Cup 2017"]
[Site "Tbilisi"]
[Date "2017.09.11"]
[Round "22.3"]
[White "Sethuraman S.P. (IND)"]
[Black "Giri Anish (NED)"]
[Result "0-1"]
[BlackElo "2772"]
[WhiteElo "2618"]
[LiveChessVersion "1.4.8"]

1. e4 e5 2. Bc4 {[%clk 0:10:27]} Nf6 {[%clk 0:10:26]} 3. d3 {[%clk 0:10:36]} Bc5
{[%clk 0:10:31]} 4. Nf3 {[%clk 0:10:39]} Nc6 {[%clk 0:10:41]} 5. c3
{[%clk 0:10:47]} O-O {[%clk 0:10:49]} 6. Bg5 {[%clk 0:10:54]} h6 {[%clk 0:10:49]}
7. Bh4 {[%clk 0:11:02]} Be7 {[%clk 0:10:58]} 8. a4 {[%clk 0:10:52]} d6
{[%clk 0:11:01]} 9. Nbd2 {[%clk 0:10:58]} Nh5 {[%clk 0:10:57]} 10. Bg3
{[%clk 0:11:03]} g6 {[%clk 0:10:56]} 11. d4 {[%clk 0:10:14]} Bf6 {[%clk 0:10:50]}
12. d5 {[%clk 0:09:50]} Ne7 {[%clk 0:10:59]} 13. Qc2 {[%clk 0:09:40]} c6
{[%clk 0:10:58]} 14. dxc6 {[%clk 0:09:38]} bxc6 {[%clk 0:11:07]} 15. Rd1
{[%clk 0:09:40]} Kg7 {[%clk 0:10:49]} 16. O-O {[%clk 0:09:41]} Nxg3
{[%clk 0:10:37]} 17. hxg3 {[%clk 0:09:49]} h5 {[%clk 0:10:42]} 18. Rfe1
{[%clk 0:09:49]} Ng8 {[%clk 0:10:16]} 19. b4 {[%clk 0:09:51]} Nh6
{[%clk 0:10:05]} 20. b5 {[%clk 0:09:58]} cxb5 {[%clk 0:10:03]} 21. axb5
{[%clk 0:09:40]} Qc7 {[%clk 0:10:11]} 22. Bd5 {[%clk 0:09:37]} Rb8
{[%clk 0:10:19]} 23. c4 {[%clk 0:09:33]} Rxb5 {[%clk 0:10:22]} 24. Ra1
{[%clk 0:09:20]} Rb8 {[%clk 0:10:27]} 25. Nb1 {[%clk 0:09:17]} Ng4
{[%clk 0:10:30]} 26. Nc3 {[%clk 0:09:25]} a6 {[%clk 0:10:04]} 27. Reb1
{[%clk 0:09:33]} Bd8 {[%clk 0:10:03]} 28. Rxb8 {[%clk 0:09:36]} Qxb8
{[%clk 0:10:12]} 29. Rb1 {[%clk 0:09:45]} Qa7 {[%clk 0:10:11]} 30. Na4
{[%clk 0:09:50]} Bd7 {[%clk 0:10:09]} 31. Nb2 {[%clk 0:09:33]} Nxf2
{[%clk 0:09:27]} 32. c5 {[%clk 0:09:40]} Ng4 {[%clk 0:09:34]} 33. Nd3
{[%clk 0:09:33]} Bb5 {[%clk 0:09:37]} 34. Rc1 {[%clk 0:09:31]} Bxd3
{[%clk 0:08:29]} 35. Qxd3 {[%clk 0:09:39]} Bb6 {[%clk 0:08:37]} 36. Qe2
{[%clk 0:08:29]} Bxc5+ {[%clk 0:08:35]} 37. Kh1 {[%clk 0:08:37]} Nf2+
{[%clk 0:08:38]} 38. Kh2 {[%clk 0:08:45]} Ng4+ {[%clk 0:08:47]} 39. Kh1
{[%clk 0:08:53]} a5 {[%clk 0:08:37]} 40. Rb1 {[%clk 0:08:59]} Nf2+
{[%clk 0:08:42]} 41. Kh2 {[%clk 0:09:07]} Ng4+ {[%clk 0:08:51]} 42. Kh1
{[%clk 0:09:15]} Rb8 {[%clk 0:08:59]} 43. Rf1 {[%clk 0:09:11]} Nf2+
{[%clk 0:09:02]} 44. Kh2 {[%clk 0:09:19]} Ng4+ {[%clk 0:09:11]} 45. Kh1
{[%clk 0:09:26]} Ne3 {[%clk 0:09:00]} 46. Ng5 {[%clk 0:08:44]} Nxf1
{[%clk 0:09:05]} 47. Qxf1 {[%clk 0:08:52]} Qe7 {[%clk 0:08:52]} 48. Qc1
{[%clk 0:08:38]} Ba3 {[%clk 0:08:18]} 49. Qd2 {[%clk 0:08:27]} Rb2
{[%clk 0:08:17]} 50. Qe3 {[%clk 0:08:30]} Rb1+ {[%clk 0:08:25]} 51. Kh2
{[%clk 0:08:38]} Bc5 {[%clk 0:08:30]} 52. Qf3 {[%clk 0:08:26]} Bg1+
{[%clk 0:08:28]} 53. Kh3 {[%clk 0:08:34]} Be3 {[%clk 0:08:31]} 0-1

[Event "World Cup 2017"]
[Site "Tbilisi"]
[Date "2017.09.11"]
[Round "23.1"]
[White "Matlakov Maxim (RUS)"]
[Black "Aronian Levon (ARM)"]
[Result "0-1"]
[BlackElo "2799"]
[WhiteElo "2728"]
[LiveChessVersion "1.4.8"]

1. d4 {[%clk 0:05:04]} Nf6 {[%clk 0:05:05]} 2. c4 {[%clk 0:05:06]} c5
{[%clk 0:05:07]} 3. d5 {[%clk 0:05:07]} g6 {[%clk 0:05:08]} 4. Nc3
{[%clk 0:05:06]} Bg7 {[%clk 0:05:10]} 5. e4 {[%clk 0:05:07]} d6 {[%clk 0:05:12]}
6. Nf3 {[%clk 0:05:03]} O-O {[%clk 0:05:13]} 7. h3 {[%clk 0:04:55]} Nbd7
{[%clk 0:05:00]} 8. Bd3 {[%clk 0:04:56]} a6 {[%clk 0:04:39]} 9. a4
{[%clk 0:04:53]} b6 {[%clk 0:04:40]} 10. O-O {[%clk 0:04:51]} e5 {[%clk 0:04:41]}
11. a5 {[%clk 0:04:43]} bxa5 {[%clk 0:04:05]} 12. Qa4 {[%clk 0:04:45]} Rb8
{[%clk 0:04:05]} 13. Qxa5 {[%clk 0:04:43]} Qe7 {[%clk 0:04:06]} 14. Rb1
{[%clk 0:04:28]} Nh5 {[%clk 0:03:51]} 15. Bg5 {[%clk 0:04:14]} f6
{[%clk 0:03:20]} 16. Bd2 {[%clk 0:04:14]} Nf4 {[%clk 0:03:17]} 17. Bc2
{[%clk 0:04:05]} f5 {[%clk 0:02:43]} 18. Bxf4 {[%clk 0:03:45]} exf4
{[%clk 0:02:42]} 19. exf5 {[%clk 0:03:44]} Ne5 {[%clk 0:02:37]} 20. Nxe5
{[%clk 0:02:17]} Bxe5 {[%clk 0:02:38]} 21. f3 {[%clk 0:02:17]} Qg7
{[%clk 0:02:40]} 22. f6 {[%clk 0:01:44]} Qxf6 {[%clk 0:02:06]} 23. Ne4
{[%clk 0:01:46]} Qh4 {[%clk 0:01:59]} 24. Qe1 {[%clk 0:01:11]} g5
{[%clk 0:01:30]} 25. Kh2 {[%clk 0:01:10]} Bf5 {[%clk 0:00:55]} 26. b3
{[%clk 0:00:53]} Qh6 {[%clk 0:00:47]} 27. Bd3 {[%clk 0:00:21]} g4
{[%clk 0:00:34]} 28. fxg4 {[%clk 0:00:23]} Bxg4 {[%clk 0:00:26]} 29. Nf2
{[%clk 0:00:14]} f3+ {[%clk 0:00:19]} 30. Kg1 {[%clk 0:00:13]} fxg2
{[%clk 0:00:14]} 31. Nxg4 {[%clk 0:00:14]} gxf1=Q+ {[%clk 0:00:12]} 32. Bxf1
{[%clk 0:00:16]} Qg6 {[%clk 0:00:10]} 33. Kh1 {[%clk 0:00:17]} Rbe8
{[%clk 0:00:11]} 34. Rd1 {[%clk 0:00:13]} h5 {[%clk 0:00:11]} 35. Bd3
{[%clk 0:00:14]} Qg7 {[%clk 0:00:10]} 36. Nxe5 {[%clk 0:00:16]} Rxe5
{[%clk 0:00:12]} 37. Qh4 {[%clk 0:00:17]} Rg5 {[%clk 0:00:11]} 38. Qe4
{[%clk 0:00:17]} Rg3 {[%clk 0:00:08]} 39. Qe6+ {[%clk 0:00:16]} Kh8
{[%clk 0:00:08]} 40. Be4 {[%clk 0:00:14]} Rf6 {[%clk 0:00:08]} 41. Qc8+
{[%clk 0:00:16]} Qf8 {[%clk 0:00:10]} 42. Qd7 {[%clk 0:00:11]} Rf1+
{[%clk 0:00:09]} 43. Kh2 {[%clk 0:00:13]} Qf2+ {[%clk 0:00:11]} 0-1

[Event "World Cup 2017"]
[Site "Tbilisi"]
[Date "2017.09.11"]
[Round "24.1"]
[White "Aronian Levon (ARM)"]
[Black "Matlakov Maxim (RUS)"]
[Result "1/2-1/2"]
[BlackElo "2728"]
[WhiteElo "2799"]
[LiveChessVersion "1.4.8"]

1. d4 {[%clk 0:05:04]} Nf6 {[%clk 0:05:05]} 2. Nf3 {[%clk 0:05:06]} c5
{[%clk 0:05:07]} 3. d5 {[%clk 0:05:08]} g6 {[%clk 0:05:05]} 4. Nc3
{[%clk 0:05:07]} Bg7 {[%clk 0:05:06]} 5. e4 {[%clk 0:05:08]} d6 {[%clk 0:05:08]}
6. Bb5+ {[%clk 0:05:01]} Bd7 {[%clk 0:05:10]} 7. a4 {[%clk 0:05:02]} Na6
{[%clk 0:05:10]} 8. O-O {[%clk 0:04:59]} Nc7 {[%clk 0:05:12]} 9. h3
{[%clk 0:04:30]} Nxb5 {[%clk 0:05:12]} 10. axb5 {[%clk 0:04:31]} O-O
{[%clk 0:05:08]} 11. e5 {[%clk 0:04:11]} dxe5 {[%clk 0:04:01]} 12. Nxe5
{[%clk 0:04:12]} Bf5 {[%clk 0:04:02]} 13. Re1 {[%clk 0:03:58]} Ne8
{[%clk 0:03:51]} 14. Bf4 {[%clk 0:03:34]} Nd6 {[%clk 0:03:45]} 15. Qe2
{[%clk 0:03:36]} Re8 {[%clk 0:03:33]} 16. Nc4 {[%clk 0:02:43]} Nxc4
{[%clk 0:03:13]} 17. Qxc4 {[%clk 0:02:45]} b6 {[%clk 0:02:53]} 18. Be5
{[%clk 0:01:51]} Bh6 {[%clk 0:02:00]} 19. Re2 {[%clk 0:01:30]} Qc8
{[%clk 0:01:48]} 20. Rae1 {[%clk 0:01:17]} Bf8 {[%clk 0:01:46]} 21. Ne4
{[%clk 0:01:02]} a6 {[%clk 0:01:45]} 22. Bc3 {[%clk 0:00:50]} axb5
{[%clk 0:01:27]} 23. Qxb5 {[%clk 0:00:53]} Bxe4 {[%clk 0:01:08]} 24. Rxe4
{[%clk 0:00:54]} Rd8 {[%clk 0:01:10]} 25. Qxb6 {[%clk 0:00:37]} Rxd5
{[%clk 0:01:12]} 26. Re5 {[%clk 0:00:29]} Rxe5 {[%clk 0:01:07]} 27. Rxe5
{[%clk 0:00:29]} e6 {[%clk 0:01:02]} 28. Qb5 {[%clk 0:00:27]} Qd8
{[%clk 0:00:54]} 29. Re1 {[%clk 0:00:27]} Qd5 {[%clk 0:00:47]} 30. Qe2
{[%clk 0:00:22]} Rd8 {[%clk 0:00:45]} 31. Qe4 {[%clk 0:00:15]} Qg5
{[%clk 0:00:23]} 32. Qe3 {[%clk 0:00:10]} Qf5 {[%clk 0:00:24]} 33. Qe4
{[%clk 0:00:11]} Be7 {[%clk 0:00:22]} 34. Qxf5 {[%clk 0:00:11]} gxf5
{[%clk 0:00:24]} 35. g4 {[%clk 0:00:12]} fxg4 {[%clk 0:00:15]} 36. hxg4
{[%clk 0:00:14]} Rd5 {[%clk 0:00:17]} 37. Kg2 {[%clk 0:00:15]} h5
{[%clk 0:00:14]} 38. gxh5 {[%clk 0:00:17]} Rxh5 {[%clk 0:00:16]} 39. Rh1
{[%clk 0:00:18]} Rg5+ {[%clk 0:00:18]} 40. Kf1 {[%clk 0:00:20]} f6
{[%clk 0:00:17]} 41. Rg1 {[%clk 0:00:23]} Rg7 {[%clk 0:00:16]} 42. Rxg7+ Kxg7
{[%clk 0:00:18]} 43. Ke2 {[%clk 0:00:26]} Kg6 {[%clk 0:00:19]} 44. f3
{[%clk 0:00:27]} Kf5 {[%clk 0:00:21]} 45. b3 {[%clk 0:00:29]} e5 {[%clk 0:00:22]}
46. Bd2 {[%clk 0:00:30]} Ke6 {[%clk 0:00:24]} 47. Kd3 {[%clk 0:00:32]} f5
{[%clk 0:00:25]} 48. Be1 {[%clk 0:00:33]} Kd5 {[%clk 0:00:26]} 49. Bd2
{[%clk 0:00:35]} e4+ {[%clk 0:00:26]} 50. fxe4+ {[%clk 0:00:37]} fxe4+
{[%clk 0:00:28]} 51. Ke2 {[%clk 0:00:40]} c4 {[%clk 0:00:27]} 1/2-1/2